000 00512nam a22001817a 4500
999 _c160879
_d160879
005 20190214173210.0
010 _aB-208282
020 _a818038134-X
035 _aB-208282
037 _bLexis Nexis Butterwoths
082 _a346.02
100 _aPadia, R. G.
245 _aIndian Contract & specific relief acts /
_cR.G. Padia
250 _a12th ed.
260 _aNew Delhi
_bLexis Nexis Butterwoths
_c2006
300 _aVarying pages.. V.1
_c23cm(hbk)
942 _2ddc
_cEN
_h346.02
_mPOL